000 00315nam a22001337a 4500
008 170202b xxu||||| |||| 00| 0 eng d
020 _a9781560301387
041 _aeng
080 _a61
100 _a3
101 _aSHM
245 _aREVOEW FPR THE CLEP GENERAL HUMANITIES EXAMINATION
_cECKERT, B
942 _2udc
_cBK
999 _c4280
_d4280